|
|
|
|
| LEADER |
00000cam a2200000 a 4500 |
| 001 |
3345-4 |
| 005 |
20231220062556.0 |
| 008 |
000000|1876 ||||||||r|||||||||||spa|| |
| 040 |
|
|
|b spa
|
| 041 |
1 |
|
|a fre
|
| 082 |
0 |
|
|a 842
|
| 100 |
1 |
|
|a Sand, George
|9 17578
|
| 245 |
|
|
|a Théatre complet
|c George Sand
|h imp
|n tomo 4
|
| 264 |
|
|
|a París
|b Ancienne Maison Michel Lévy Fréres
|c 1876
|
| 300 |
|
|
|a 457 páginas:
|c 17 cm
|
| 505 |
|
|
|a Seudónimo de la escriota francesa Amandine Aurore Lucie Dupin 1803-1876
|
| 650 |
1 |
4 |
|a Teatro francés
|9 6000
|
| 852 |
|
|
|a UC-CDJBV
|c ESTANTERIA CERRADA
|f Compra
|k margarita.gutierrez
|l 1
|m Limitada
|p 00000000
|t 3345-4
|b 1
|d CDRC
|e CDRC
|g 842 ESTANTERIA CERRADA
|z 0000-00-00
|
| 942 |
|
|
|c BK
|
| 999 |
|
|
|c 38384
|d 38384
|